[Event "BL 9091 Solingen-Dortmund"]
[Site "?"]
[Date "1991.??.??"]
[Round "?.1"]
[White "Razuvaev, Y."]
[Black "Short, N."]
[Result "0-1"]
[WhiteElo "2585"]
[BlackElo "2635"]
[PlyCount "130"]
[EventDate "1991.??.??"]

1. d4 e6 2. c4 f5 3. g3 Nf6 4. Bg2 Be7 5. Nf3 d5 6. O-O O-O 7. Nbd2 Nc6 8. b3
a5 9. a3 Bd7 10. Bb2 Ne4 11. e3 Be8 12. Nxe4 fxe4 13. Nd2 Bf6 14. f3 exf3 15.
Bxf3 Bg6 16. Bg4 Qe7 17. Qe2 Rad8 18. Bf3 Kh8 19. Qg2 Qd7 20. Rad1 Ne7 21. e4
c5 22. Bg4 Qc6 23. cxd5 exd5 24. e5 Bg5 25. Rxf8+ Rxf8 26. Qe2 cxd4 27. Bxd4
Qc2 28. Nf1 Nc6 29. Be3 Bxe3+ 30. Nxe3 Qxe2 31. Bxe2 d4 32. Nc4 Bc2 33. Rd2
Bxb3 34. e6 Re8 35. Nd6 Re7 36. Bf3 Bxe6 37. Nxb7 Rxb7 38. Bxc6 Rb6 39. Be4 Rd6
40. Kf2 g6 41. Rb2 Bc4 42. Rc2 Rf6+ 43. Kg1 Ba6 44. Rc5 a4 45. Rd5 Rf1+ 46. Kg2
Rd1 47. g4 Bc4 48. Ra5 d3 49. Bf3 Rd2+ 50. Kg3 Bb3 51. g5 Ra2 52. Ra8+ Kg7 53.
Rd8 d2 54. Kf4 Kf7 55. h4 Ke7 56. Rd4 Rxa3 57. Rxd2 Ra1 58. Rd3 Be6 59. Re3 Kd6
60. Rd3+ Kc5 61. Rc3+ Kd4 62. Re3 Bc4 63. Re4+ Kc3 64. Re3+ Kb4 65. Re7 a3 0-1

[Event "BL 9091 Solingen-Dortmund"]
[Site "?"]
[Date "1991.??.??"]
[Round "?.3"]
[White "Mainka, R."]
[Black "Lau, R."]
[Result "0-1"]
[WhiteElo "2430"]
[BlackElo "2485"]
[PlyCount "84"]
[EventDate "1991.??.??"]

1. e4 c5 2. Nf3 e6 3. d4 cxd4 4. Nxd4 a6 5. Bd3 Nf6 6. O-O Qc7 7. Qe2 d6 8. c4
g6 9. Nc3 Bg7 10. Rd1 O-O 11. Be3 Nbd7 12. Rac1 b6 13. f3 Bb7 14. Qf2 Rfe8 15.
Bf1 Rac8 16. Ndb5 axb5 17. Nxb5 Qb8 18. Nxd6 Bf8 19. Nxe8 Rxe8 20. Kh1 Qc7 21.
Qd2 Ra8 22. b4 Bc6 23. Bf4 e5 24. Be3 Qa7 25. c5 bxc5 26. b5 Bb7 27. Bc4 Nb6
28. Bb3 Qa3 29. Qf2 Rc8 30. Rb1 Nfd7 31. Bc1 Qa8 32. a4 c4 33. Bc2 Nc5 34. Be3
Nbxa4 35. Ra1 Nb3 36. Bxb3 cxb3 37. Rdb1 Rc3 38. Bd2 Rc2 39. Qe1 b2 40. Ra2 Qd8
41. Rxa4 Rxd2 42. Ra7 Rc2 0-1

[Event "BL 9091 Solingen-Dortmund"]
[Site "?"]
[Date "1991.??.??"]
[Round "?.4"]
[White "Mohr, S."]
[Black "Paehtz, T."]
[Result "1-0"]
[WhiteElo "2430"]
[BlackElo "2455"]
[PlyCount "117"]
[EventDate "1991.??.??"]

1. d4 Nf6 2. c4 d6 3. Nc3 Nbd7 4. e4 e5 5. d5 Nc5 6. Qc2 a5 7. Nf3 g6 8. Be3
Bg7 9. Bxc5 dxc5 10. Nxe5 Nxd5 11. cxd5 Bxe5 12. Bb5+ c6 13. dxc6 O-O 14. O-O
bxc6 15. Bxc6 Rb8 16. Bd5 Qf6 17. Rab1 Qf4 18. g3 Qf3 19. Qd1 Bg4 20. Qxf3 Bxf3
21. Rfc1 Kg7 22. Na4 Rfc8 23. Rxc5 Rxc5 24. Nxc5 Rxb2 25. Rxb2 Bxb2 26. Kf1 Bc3
27. Bc4 Bd4 28. Nb7 a4 29. Nd6 f6 30. Be2 Be5 31. Nc4 Bxe4 32. Nxe5 fxe5 33. a3
Bc6 34. Ke1 Kf6 35. Kd2 Kf5 36. Kc3 Ke4 37. Kc4 g5 38. Kc5 Be8 39. Kd6 h6 40.
Ke7 Bc6 41. Kf6 Be8 42. Ke7 Bc6 43. Kf7 Kd4 44. Kg6 Kc3 45. Kxh6 Kd2 46. Bg4
Ke1 47. Kxg5 Kxf2 48. h4 Bf3 49. Bf5 e4 50. Bxe4 Bxe4 51. Kf4 Bd3 52. g4 Kg2
53. h5 Kh3 54. Kg5 Bc2 55. h6 Bd3 56. Kh5 Bc2 57. g5 Bd1+ 58. Kg6 Kg4 59. Kg7
1-0

[Event "BL 9091 Solingen-Dortmund"]
[Site "?"]
[Date "1991.??.??"]
[Round "?.5"]
[White "Keitlinghaus, L."]
[Black "Podzielny, K."]
[Result "1-0"]
[WhiteElo "2400"]
[BlackElo "2445"]
[PlyCount "61"]
[EventDate "1991.??.??"]

1. e4 c5 2. Nc3 a6 3. Nge2 b5 4. g3 Bb7 5. Bg2 g6 6. O-O Bg7 7. d4 cxd4 8. Nxd4
d6 9. Re1 Nd7 10. a4 b4 11. Nd5 e5 12. Nb3 a5 13. c3 Bxd5 14. Qxd5 bxc3 15.
bxc3 Rb8 16. Nd2 Ngf6 17. Qxd6 Bf8 18. Qa6 Bc5 19. Nc4 O-O 20. Be3 Bxe3 21.
Nxe3 Qc7 22. Nd5 Nxd5 23. exd5 Rb6 24. Qxa5 Rfb8 25. Rab1 Kg7 26. Rxb6 Rxb6 27.
Bf1 Qd6 28. Bb5 Qxd5 29. c4 Qd4 30. Bxd7 Rf6 31. Bh3 1-0

[Event "BL 9091 Solingen-Dortmund"]
[Site "?"]
[Date "1991.??.??"]
[Round "?.6"]
[White "Dueball, J."]
[Black "Thesing, M."]
[Result "1/2-1/2"]
[WhiteElo "2445"]
[BlackElo "2405"]
[PlyCount "29"]
[EventDate "1991.??.??"]

1. e4 e6 2. d4 d5 3. Nc3 Nc6 4. e5 f6 5. exf6 Nxf6 6. Nf3 Bd6 7. Bb5 O-O 8. O-O
Bd7 9. Re1 Qe7 10. Ne5 a6 11. Bxc6 Bxc6 12. Bg5 Kh8 13. Qe2 Qe8 14. h3 Ne4 15.
Nxe4 1/2-1/2

[Event "BL 9091 Solingen-Dortmund"]
[Site "?"]
[Date "1991.??.??"]
[Round "?.7"]
[White "Stein, B."]
[Black "Schneider, B1."]
[Result "1/2-1/2"]
[WhiteElo "2370"]
[BlackElo "2455"]
[PlyCount "121"]
[EventDate "1991.??.??"]

1. b3 e5 2. Bb2 d6 3. c4 g6 4. g3 Bg7 5. Bg2 Nf6 6. e3 O-O 7. Ne2 Nc6 8. Nbc3
Bf5 9. d3 h5 10. Qd2 a5 11. a3 Re8 12. Ne4 Nxe4 13. dxe4 Be6 14. Rc1 h4 15. O-O
h3 16. Bh1 a4 17. b4 Qd7 18. f4 Na7 19. f5 gxf5 20. exf5 Bxf5 21. Bxb7 Rad8 22.
Bf3 Be6 23. e4 Nc8 24. c5 Qe7 25. Qe3 Kh7 26. Qf2 Rf8 27. g4 Bh6 28. cxd6 cxd6
29. Rc2 Qa7 30. Qxa7 Nxa7 31. Kf2 Rc8 32. Rxc8 Rxc8 33. Kg3 Nb5 34. Kxh3 Rc2
35. Bc1 Bxc1 36. Rxc1 Nxa3 37. Ra1 Ra2 38. Rxa2 Bxa2 39. Nc3 Bb3 40. Be2 Nc2
41. b5 Nd4 42. Bd3 a3 43. Bb1 a2 44. Bxa2 Bxa2 45. Nxa2 Nxb5 46. Kg3 Kg6 47. h4
f6 48. Nb4 Nc7 49. Kf3 Kg7 50. Ke3 Kf7 51. Kd3 Ne6 52. Nd5 Nc5+ 53. Ke3 Ne6 54.
Kf2 Nc5 55. Kf3 Ne6 56. Ne3 Nf4 57. Kf2 Ke6 58. h5 Nh3+ 59. Ke2 Ng5 60. Kd3 Nh3
61. Ke2 1/2-1/2

[Event "BL 9091 Solingen-Dortmund"]
[Site "?"]
[Date "1991.??.??"]
[Round "?.8"]
[White "Zysk, R."]
[Black "Buecker, S."]
[Result "0-1"]
[WhiteElo "2415"]
[BlackElo "2345"]
[PlyCount "122"]
[EventDate "1991.??.??"]

1. d4 f5 2. Nf3 Nf6 3. Bg5 e6 4. Nbd2 Be7 5. Bxf6 Bxf6 6. e4 O-O 7. e5 Be7 8.
Bc4 Qe8 9. Qe2 c5 10. O-O-O a6 11. dxc5 Bxc5 12. Bd3 Nc6 13. g4 b5 14. Rhg1 Ra7
15. Rg3 d6 16. Nb3 g6 17. Rgg1 fxg4 18. Rxg4 Rxf3 19. Nxc5 dxc5 20. Qxf3 Nxe5
21. Qe2 Nxg4 22. Qxg4 Rd7 23. Re1 Rd4 24. Qg3 Qf8 25. Be4 Qh6+ 26. Qe3 Qxe3+
27. Rxe3 Kg7 28. c3 Rd6 29. Bg2 c4 30. b3 cxb3 31. axb3 Rd8 32. Be4 Kf6 33. Kc2
e5 34. Rf3+ Bf5 35. Bxf5 gxf5 36. Rh3 Kg6 37. Rg3+ Kf7 38. Rh3 Kg7 39. Rg3+ Kf6
40. Rh3 Kg6 41. Rg3+ Kf7 42. Rh3 h5 43. Rxh5 Kg6 44. Rh3 Kg5 45. Rg3+ Kf4 46.
b4 e4 47. h3 Rd7 48. Kc1 Rd6 49. Kc2 Rd8 50. Kc1 Rd7 51. Kc2 Rd6 52. Kc1 Ke5
53. Kc2 Rd8 54. Kc1 Rd7 55. Kc2 Rd6 56. Kc1 Rd8 57. Kc2 Rd6 58. Kc1 Rd8 59. Kc2
Rd7 60. Kc1 Rd5 61. Kc2 Rd7 0-1

[Event "BL 9091 Sindelfingen-Kirchheim"]
[Site "?"]
[Date "1991.??.??"]
[Round "?.1"]
[White "Haba, P."]
[Black "Fahnenschmidt, G."]
[Result "1/2-1/2"]
[WhiteElo "2465"]
[BlackElo "2385"]
[PlyCount "56"]
[EventDate "1991.??.??"]

1. d4 Nf6 2. c4 g6 3. Nc3 Bg7 4. e4 d6 5. f3 O-O 6. Be3 Nc6 7. Nge2 a6 8. Qd2
Rb8 9. Rb1 Re8 10. b4 Bd7 11. b5 Na5 12. Nf4 axb5 13. cxb5 c6 14. d5 e5 15.
dxe6 Bxe6 16. Nxe6 Rxe6 17. Be2 d5 18. bxc6 bxc6 19. O-O Re8 20. Rxb8 Qxb8 21.
Na4 Nb7 22. Rb1 Qc7 23. Ba6 Nd6 24. Bb6 Qb8 25. Qc2 dxe4 26. Qxc6 exf3 27. gxf3
Nf5 28. Qc7 Nd5 1/2-1/2

[Event "BL 9091 Sindelfingen-Kirchheim"]
[Site "?"]
[Date "1991.??.??"]
[Round "?.2"]
[White "Rajkovic, D."]
[Black "Gschnitzer, O."]
[Result "1/2-1/2"]
[WhiteElo "2495"]
[BlackElo "2460"]
[PlyCount "113"]
[EventDate "1991.??.??"]

1. d4 Nf6 2. c4 c5 3. d5 d6 4. Nc3 g6 5. e4 Bg7 6. f3 O-O 7. Bg5 h6 8. Be3 e6
9. Nge2 exd5 10. cxd5 Nbd7 11. Nc1 Re8 12. Be2 a6 13. a4 Nh7 14. Qd2 Ne5 15.
O-O h5 16. N1a2 f5 17. Kh1 Nf6 18. exf5 Bxf5 19. Rfe1 Rc8 20. Rac1 Nf7 21. b3
Rc7 22. Bc4 Rce7 23. Re2 Nd7 24. Bd3 Bxd3 25. Qxd3 Nde5 26. Qd2 c4 27. b4 Nd3
28. Rb1 Re5 29. Bg1 Qe7 30. Re4 Rxe4 31. Nxe4 b5 32. Nac3 bxa4 33. Nxa4 Rb8 34.
Nb6 Qc7 35. Na4 Rb5 36. Nac3 Rxb4 37. Qa2 Rxb1 38. Nxb1 Nb4 39. Qa4 Nxd5 40.
Qxa6 Nf6 41. Nec3 d5 42. Nb5 Qe5 43. N1c3 Kh7 44. Qa7 Nh6 45. Qc7 Qe1 46. Qc5
Qd2 47. Qd4 Qb2 48. Qf4 Nfg8 49. Qc7 Nf5 50. g3 d4 51. Ne4 Qc1 52. h4 Nge7 53.
g4 Nxh4 54. Qxe7 Nxf3 55. Nf6+ Kh6 56. Ng8+ Kh7 57. Nf6+ 1/2-1/2

[Event "BL 9091 Sindelfingen-Kirchheim"]
[Site "?"]
[Date "1991.??.??"]
[Round "?.3"]
[White "Graf, J."]
[Black "Marinkovic, I."]
[Result "1-0"]
[WhiteElo "2430"]
[BlackElo "2455"]
[PlyCount "81"]
[EventDate "1991.??.??"]

1. d4 Nf6 2. Nf3 g6 3. c4 Bg7 4. Nc3 d5 5. cxd5 Nxd5 6. e4 Nxc3 7. bxc3 Nc6 8.
Be2 b6 9. O-O O-O 10. Be3 e5 11. Rc1 Qe7 12. Qa4 Bb7 13. Rfd1 h6 14. d5 Nd8 15.
Qb4 Qf6 16. a4 Bc8 17. Nd2 Nb7 18. c4 c5 19. dxc6 Qxc6 20. Qb5 Qc7 21. Nb3 Be6
22. c5 Nxc5 23. Bxc5 bxc5 24. Nxc5 Qe7 25. Nxe6 Qxe6 26. Bc4 Qf6 27. Rd7 Rad8
28. Bd5 a6 29. Qb7 Rxd7 30. Qxd7 Qf4 31. Rc7 h5 32. h3 Bh6 33. Qd6 Kg7 34. g3
Qf6 35. Qxf6+ Kxf6 36. Ra7 Bd2 37. Rxa6+ Kg7 38. Ra7 g5 39. a5 Bc3 40. a6 Bd4
41. Rd7 1-0

[Event "BL 9091 Sindelfingen-Kirchheim"]
[Site "?"]
[Date "1991.??.??"]
[Round "?.4"]
[White "Kraut, R."]
[Black "Clara, H."]
[Result "0-1"]
[WhiteElo "2425"]
[BlackElo "2430"]
[PlyCount "86"]
[EventDate "1991.??.??"]

1. e4 c5 2. Nf3 d6 3. d4 cxd4 4. Qxd4 a6 5. Bg5 Nc6 6. Qd2 h6 7. Bh4 g5 8. Bg3
Nf6 9. Nc3 Nh5 10. Nd5 Bg7 11. c3 Be6 12. Be2 Rc8 13. Rd1 O-O 14. Qe3 Qa5 15.
O-O Nxg3 16. hxg3 Bxd5 17. exd5 Ne5 18. Nxe5 Bxe5 19. a3 Qc5 20. Qd3 Kg7 21.
Kh1 b5 22. Qf5 a5 23. Bd3 Rh8 24. f4 Bf6 25. Rde1 b4 26. cxb4 axb4 27. a4 b3
28. Re4 Qa5 29. Rfe1 Rc7 30. Rb1 Rc5 31. Bb5 Qd2 32. Re2 Qxd5 33. Qxd5 Rxd5 34.
Bc4 Rd4 35. Bxb3 gxf4 36. gxf4 Rxf4 37. Re3 Rh4+ 38. Rh3 Rxh3+ 39. gxh3 Rb8 40.
Bd5 e6 41. Rg1+ Kf8 42. Rf1 Ke7 43. Bc6 Rxb2 0-1

[Event "BL 9091 Sindelfingen-Kirchheim"]
[Site "?"]
[Date "1991.??.??"]
[Round "?.5"]
[White "Vonthron, H."]
[Black "Luther, T."]
[Result "0-1"]
[WhiteElo "2390"]
[BlackElo "2470"]
[PlyCount "90"]
[EventDate "1991.??.??"]

1. e4 e6 2. d4 d5 3. Nc3 Nf6 4. Bg5 dxe4 5. Nxe4 Nbd7 6. Nf3 Be7 7. Nxf6+ Bxf6
8. h4 c5 9. dxc5 Qa5+ 10. c3 Qxc5 11. Bd3 h6 12. Bxf6 Nxf6 13. Qe2 O-O 14. Ne5
Nd7 15. Ng4 h5 16. Ne3 Ne5 17. O-O-O Bd7 18. g4 Bc6 19. Rh3 Rad8 20. gxh5 Nxd3+
21. Rxd3 Bb5 22. c4 Bxc4 23. Nxc4 Qxc4+ 24. Kb1 Rxd3 25. Qxd3 Rc8 26. a3 Qxd3+
27. Rxd3 Rc7 28. Rd8+ Kh7 29. Ka2 f6 30. Kb3 e5 31. a4 Rc6 32. f3 a5 33. Rd5 b6
34. Rd8 g6 35. hxg6+ Kxg6 36. Ka3 Kf5 37. Rd3 Kf4 38. b4 f5 39. Kb3 e4 40. fxe4
fxe4 41. Rd1 e3 42. h5 e2 43. Rh1 Kf3 44. b5 Rd6 45. Kc2 Kg2 0-1

[Event "BL 9091 Sindelfingen-Kirchheim"]
[Site "?"]
[Date "1991.??.??"]
[Round "?.6"]
[White "Bialas, W."]
[Black "Mueller, O."]
[Result "0-1"]
[WhiteElo "2360"]
[BlackElo "2350"]
[PlyCount "72"]
[EventDate "1991.??.??"]

1. d4 Nf6 2. c4 e6 3. g3 d5 4. Bg2 Bb4+ 5. Nd2 Nc6 6. Ngf3 dxc4 7. Qc2 b5 8. a4
Bb7 9. axb5 Nxd4 10. Qxc4 Qd5 11. Qxd5 Bxd5 12. Nxd4 Bxg2 13. Rg1 Bd5 14. Ra4
Bc5 15. N4b3 Bb6 16. g4 h5 17. gxh5 Rxh5 18. Rxg7 Rxh2 19. e3 Ke7 20. Ke2 e5
21. Nf1 Bxb3 22. Rb4 Bd1+ 23. Kxd1 Rxf2 24. Ke1 Rc2 25. Kd1 Rc5 26. Bd2 Rd8 27.
Ra4 Rxb5 28. Kc2 Rh8 29. Bb4+ Ke6 30. Rg2 Rh3 31. Bc3 Rf3 32. Nd2 Rxe3 33. Nc4
Nd5 34. Rg8 Re2+ 35. Kd1 Nxc3+ 36. bxc3 Rh2 0-1

[Event "BL 9091 Sindelfingen-Kirchheim"]
[Site "?"]
[Date "1991.??.??"]
[Round "?.7"]
[White "Biebinger, G."]
[Black "Werner, Marc"]
[Result "1-0"]
[WhiteElo "2330"]
[BlackElo "2320"]
[PlyCount "76"]
[EventDate "1991.??.??"]

1. c4 Nf6 2. Nc3 c5 3. Nf3 b6 4. g3 Bb7 5. Bg2 e6 6. O-O a6 7. b3 Be7 8. Bb2
O-O 9. e3 d5 10. cxd5 Nxd5 11. Nxd5 Bxd5 12. d4 Nd7 13. Rc1 Qb8 14. Ne5 Bxg2
15. Nxd7 Qb7 16. dxc5 bxc5 17. Qg4 g6 18. Nf6+ Bxf6 19. Bxf6 Bxf1 20. e4 e5 21.
Kxf1 Qc6 22. Qh4 Rfe8 23. Kg2 Re6 24. Be7 f5 25. Rxc5 Qb7 26. Bg5 a5 27. Bd2 a4
28. bxa4 Rf8 29. Bh6 Rc8 30. Rd5 fxe4 31. Rb5 Qc6 32. Be3 Rf8 33. Rb6 Qd5 34.
a5 Qxa2 35. Qxe4 Rxb6 36. axb6 Qa8 37. b7 Qb8 38. Qc4+ Kg7 1-0

[Event "BL 9091 Sindelfingen-Kirchheim"]
[Site "?"]
[Date "1991.??.??"]
[Round "?.8"]
[White "Eppinger, G."]
[Black "Mudelsee, M."]
[Result "1/2-1/2"]
[WhiteElo "2275"]
[BlackElo "2265"]
[PlyCount "25"]
[EventDate "1991.??.??"]

1. e4 c5 2. c3 Nf6 3. e5 Nd5 4. d4 cxd4 5. Nf3 d6 6. Qxd4 e6 7. Bc4 Nc6 8. Qe4
dxe5 9. Nxe5 Nf6 10. Qe2 Nxe5 11. Qxe5 Bd6 12. Bb5+ Bd7 13. Qxd6 1/2-1/2

[Event "BL 9091 Bielefeld-Delmenhorst"]
[Site "?"]
[Date "1991.??.??"]
[Round "?.1"]
[White "Hausner, I."]
[Black "Glek, I."]
[Result "0-1"]
[WhiteElo "2445"]
[BlackElo "2540"]
[PlyCount "92"]
[EventDate "1991.??.??"]

1. d4 f5 2. g3 Nf6 3. Bg2 g6 4. c4 Bg7 5. Nc3 O-O 6. Nh3 d6 7. d5 Nbd7 8. O-O
Ne5 9. b3 c5 10. dxc6 bxc6 11. Bb2 Rb8 12. Qc2 Qc7 13. Rad1 Nf7 14. Bc1 e5 15.
Ng5 d5 16. Nxf7 Rxf7 17. Na4 d4 18. e3 dxe3 19. Bxe3 f4 20. Bc5 Bf5 21. Qe2 Bf8
22. Rfe1 e4 23. gxf4 Nh5 24. Qe3 Nxf4 25. Qg3 Nd3 26. Qxc7 Rxc7 27. Bxf8 Nxe1
28. Bd6 Rd8 29. Nc3 Rcd7 30. c5 Nxg2 31. Kxg2 Bg4 32. Rd4 Bf3+ 33. Kg3 Re8 34.
b4 g5 35. Nd1 Bxd1 36. Rxd1 e3 37. fxe3 Rxe3+ 38. Kg4 Re4+ 39. Kxg5 Rxb4 40.
Kf6 Rf7+ 41. Ke6 Rg4 42. Rb1 Rg6+ 43. Ke5 Kg7 44. Rb8 Rg2 45. Ke6 Re2+ 46. Be5+
Rf6+ 0-1

[Event "BL 9091 Bielefeld-Delmenhorst"]
[Site "?"]
[Date "1991.??.??"]
[Round "?.2"]
[White "Piskov, Y."]
[Black "Armas, I."]
[Result "1-0"]
[WhiteElo "2440"]
[BlackElo "2450"]
[PlyCount "81"]
[EventDate "1991.??.??"]

1. d4 Nf6 2. c4 c5 3. d5 e6 4. Nc3 exd5 5. cxd5 d6 6. e4 g6 7. f4 Bg7 8. Bb5+
Nfd7 9. Nf3 a6 10. Bd3 b5 11. O-O O-O 12. Kh1 c4 13. Bc2 Nc5 14. a3 Re8 15. e5
dxe5 16. fxe5 Bxe5 17. Nxe5 Rxe5 18. Qd4 Nbd7 19. Bf4 Re8 20. Bd6 Nb7 21. Bg3
Ndc5 22. d6 Be6 23. Ne4 Nxe4 24. Bxe4 Qd7 25. Qf6 Bg4 26. Bd5 Re6 27. Qg5 Be2
28. Bxe6 fxe6 29. Rf2 Bd3 30. Qf6 Bf5 31. Be5 Rf8 32. Qh8+ Kf7 33. Qxh7+ Ke8
34. Qh6 Nc5 35. Rf3 Nd3 36. Qe3 Qc6 37. Bg7 Rf7 38. Rxf5 Rxf5 39. Qxe6+ Kd8 40.
Bf6+ Rxf6 41. Qxf6+ 1-0

[Event "BL 9091 Bielefeld-Delmenhorst"]
[Site "?"]
[Date "1991.??.??"]
[Round "?.3"]
[White "Hermann, Man"]
[Black "Pieper Emden, C."]
[Result "1/2-1/2"]
[WhiteElo "2385"]
[BlackElo "2405"]
[PlyCount "62"]
[EventDate "1991.??.??"]

1. e4 c5 2. c3 d6 3. Nf3 Nf6 4. Be2 Nc6 5. d4 cxd4 6. cxd4 Nxe4 7. d5 Qa5+ 8.
Nc3 Nxc3 9. bxc3 Nd8 10. O-O e5 11. dxe6 Nxe6 12. Nd4 a6 13. Bg4 Nxd4 14. Qxd4
Qe5 15. Qd1 Bxg4 16. Qxg4 Be7 17. Rb1 O-O 18. Rxb7 Bf6 19. c4 Rab8 20. Qd7 Rxb7
21. Qxb7 Qa5 22. Bf4 Rd8 23. Qb3 d5 24. cxd5 Qxd5 25. h3 g5 26. Be3 Qxb3 27.
axb3 Rb8 28. Rc1 Rxb3 29. Rc6 Be5 30. g4 a5 31. Rc5 Bf4 1/2-1/2

[Event "BL 9091 Bielefeld-Delmenhorst"]
[Site "?"]
[Date "1991.??.??"]
[Round "?.4"]
[White "Gruen, G."]
[Black "Schlemermeyer, W."]
[Result "1/2-1/2"]
[WhiteElo "2360"]
[BlackElo "2330"]
[PlyCount "91"]
[EventDate "1991.??.??"]

1. d4 Nf6 2. Nf3 g6 3. g3 Bg7 4. Bg2 d5 5. c4 dxc4 6. Na3 c3 7. bxc3 c5 8. O-O
O-O 9. Nc4 Nc6 10. Nfe5 Nd5 11. Bb2 Nxe5 12. Nxe5 Bxe5 13. dxe5 Be6 14. Bc1
Nxc3 15. Qc2 Qa5 16. Bg5 Rfe8 17. Bxb7 Rab8 18. Bc6 Qa6 19. Bf3 Na4 20. Rfb1
Rb6 21. Rxb6 Nxb6 22. Qxc5 Nd7 23. Qc6 Qa5 24. Rd1 Rb8 25. Bxe7 Nxe5 26. Qd6
Re8 27. Kg2 Nc4 28. Qb4 Qf5 29. Bc5 Qh3+ 30. Kg1 Ne5 31. Bg2 Qh5 32. Bd4 Qxe2
33. Re1 Nf3+ 34. Bxf3 Qxf3 35. Bb2 Rc8 36. Qd4 f6 37. Qxf6 Qxf6 38. Bxf6 Bxa2
39. Re7 Bd5 40. f4 a6 41. Rg7+ Kf8 42. Rxh7 Rc2 43. Kf1 Bc4+ 44. Kg1 Bd5 45.
Kf1 Bc4+ 46. Ke1 1/2-1/2

[Event "BL 9091 Bielefeld-Delmenhorst"]
[Site "?"]
[Date "1991.??.??"]
[Round "?.5"]
[White "Wesseln, K."]
[Black "Beckemeyer, W."]
[Result "1/2-1/2"]
[WhiteElo "2360"]
[BlackElo "2360"]
[PlyCount "52"]
[EventDate "1991.??.??"]

1. d4 Nf6 2. c4 d6 3. Nc3 Nbd7 4. e4 e5 5. Nf3 g6 6. d5 Nc5 7. Bd3 Bg7 8. Rb1
a5 9. O-O O-O 10. a3 c6 11. b4 axb4 12. axb4 Nxd3 13. Qxd3 cxd5 14. cxd5 Nh5
15. Ne2 h6 16. Ng3 Nf4 17. Bxf4 exf4 18. Ne2 g5 19. Ned4 Qb6 20. Nf5 Bxf5 21.
exf5 Rfe8 22. h4 g4 23. f6 Bxf6 24. Qf5 Bg7 25. Qxg4 Ra2 26. Rbc1 Qxb4 1/2-1/2

[Event "BL 9091 Bielefeld-Delmenhorst"]
[Site "?"]
[Date "1991.??.??"]
[Round "?.6"]
[White "Stertenbrink, G."]
[Black "Breutigam, M."]
[Result "1/2-1/2"]
[WhiteElo "2280"]
[BlackElo "2330"]
[PlyCount "80"]
[EventDate "1991.??.??"]

1. e4 d6 2. d4 Nf6 3. f3 e5 4. dxe5 dxe5 5. Qxd8+ Kxd8 6. Bc4 Ke8 7. Nc3 c6 8.
f4 Nbd7 9. Nf3 Bd6 10. g3 b5 11. Bd3 Bb7 12. O-O h6 13. a4 a6 14. Bd2 Ke7 15.
Rae1 Rhe8 16. axb5 axb5 17. fxe5 Nxe5 18. Nh4 Bc8 19. Nf5+ Bxf5 20. exf5 Kf8
21. Ne4 Nxd3 22. cxd3 Nxe4 23. Rxe4 Bc5+ 24. Kh1 Rxe4 25. dxe4 Ra2 26. Rc1 Rxb2
27. Rxc5 Rxd2 28. Rxc6 f6 29. Rb6 Rb2 30. Rb7 b4 31. g4 b3 32. h4 Ke8 33. g5
hxg5 34. hxg5 fxg5 35. e5 Re2 36. Rb8+ Ke7 37. f6+ gxf6 38. exf6+ Kxf6 39. Rxb3
g4 40. Kg1 Kg5 1/2-1/2

[Event "BL 9091 Bielefeld-Delmenhorst"]
[Site "?"]
[Date "1991.??.??"]
[Round "?.7"]
[White "Meyer, H."]
[Black "Haskamp, S."]
[Result "1-0"]
[WhiteElo "2315"]
[BlackElo "2275"]
[PlyCount "83"]
[EventDate "1991.??.??"]

1. d4 g6 2. Nf3 Bg7 3. g3 d6 4. Bg2 Nd7 5. c4 e5 6. O-O Ne7 7. Nc3 O-O 8. Rb1
exd4 9. Nxd4 Nb6 10. Qd3 d5 11. cxd5 Nexd5 12. Nxd5 Nxd5 13. Rd1 Nb4 14. Qc4
Bf5 15. Bg5 Qxg5 16. Nxf5 Qxf5 17. Qxb4 Rae8 18. e3 b6 19. Qa4 a5 20. Rbc1 Rd8
21. Qb3 Qe5 22. Bd5 Rd6 23. Rd2 a4 24. Qd1 a3 25. bxa3 Rfd8 26. e4 Qe7 27. Rd3
Qd7 28. Qc2 c5 29. Qb3 Bd4 30. Rf3 Rf8 31. Kg2 Kg7 32. h4 f5 33. h5 Rdf6 34.
h6+ Kxh6 35. e5 Rc6 36. e6 Qd6 37. e7 Re8 38. Bxc6 Qxc6 39. Qf7 Qd7 40. Rh1+
Kg5 41. Rxf5+ Qxf5 42. f4+ 1-0

[Event "BL 9091 HSK-Tegel"]
[Site "?"]
[Date "1991.??.??"]
[Round "?.2"]
[White "Brunner, L."]
[Black "Lorenz, S."]
[Result "1/2-1/2"]
[WhiteElo "2460"]
[BlackElo "2310"]
[PlyCount "149"]
[EventDate "1991.??.??"]

1. e4 g6 2. d4 Bg7 3. Nf3 c6 4. c3 d5 5. e5 Bg4 6. Nbd2 e6 7. h3 Bxf3 8. Nxf3
Ne7 9. Bd3 c5 10. dxc5 Nd7 11. O-O O-O 12. Re1 Nxc5 13. Bc2 Nc6 14. Bf4 Qc7 15.
Qe2 Nd7 16. Rad1 Rfc8 17. h4 b5 18. Bb1 h5 19. g3 Rab8 20. Kg2 Na5 21. Nd4 Nc4
22. Bxg6 fxg6 23. Nxe6 Qc6 24. Nxg7 Kxg7 25. b3 Ncb6 26. e6 Nf6 27. Bxb8 Rxb8
28. Qe5 Re8 29. Kg1 Nc8 30. c4 bxc4 31. bxc4 Nb6 32. cxd5 Nbxd5 33. Rc1 Qa6 34.
Rc5 Qxa2 35. Rd1 Ne7 36. Ra1 Qd2 37. Rxa7 Qd1+ 38. Kg2 Qd8 39. Rd7 Qa8+ 40. Kg1
Qe4 41. Qxe4 Nxe4 42. Re5 Nf6 43. Kg2 Ng4 44. Re2 Kf6 45. Rb7 Nh6 46. f3 Nhf5
47. Kh3 Nd4 48. Re4 Nxe6 49. g4 hxg4+ 50. fxg4 Nd5 51. Kg3 Rc8 52. Rb3 Rc1 53.
Rf3+ Ke7 54. Ra3 Rc6 55. Rd3 Kd6 56. Rf3 Ra6 57. h5 Ng5 58. Re8 Nxf3 59. hxg6
Ne5 60. g7 Ra3+ 61. Kh4 Nf3+ 62. Kg3 Ne5+ 63. Kh4 Nf6 64. g8=Q Nxg8 65. Rxg8
Ke6 66. Kg5 Ra4 67. Re8+ Kd6 68. Kf5 Nxg4 69. Re4 Nh6+ 70. Kf4 Ra5 71. Rd4+ Ke6
72. Re4+ Kf6 73. Rb4 Ra6 74. Ke4 Nf7 75. Rb8 1/2-1/2

[Event "BL 9091 HSK-Tegel"]
[Site "?"]
[Date "1991.??.??"]
[Round "?.3"]
[White "Rabiega, R."]
[Black "Maus, So"]
[Result "1-0"]
[WhiteElo "2325"]
[BlackElo "2400"]
[PlyCount "105"]
[EventDate "1991.??.??"]

1. e4 c5 2. Nf3 e6 3. c3 d5 4. exd5 exd5 5. d4 Bd6 6. Be3 c4 7. b3 cxb3 8. axb3
Ne7 9. Bd3 Bf5 10. Qc2 Qc8 11. O-O Nbc6 12. Nh4 Bxd3 13. Qxd3 Qg4 14. g3 O-O
15. Nd2 Rfe8 16. f4 a6 17. Ndf3 f6 18. Rae1 Na5 19. c4 Qd7 20. Bd2 Nac6 21. Re2
Nb4 22. Qb1 Nec6 23. Rfe1 Bf8 24. Bc3 Rxe2 25. Rxe2 Re8 26. Qe1 Rxe2 27. Qxe2
Kf7 28. c5 g6 29. Kf2 Be7 30. g4 Bd8 31. Qd2 a5 32. f5 g5 33. Ng2 Bc7 34. h4 h6
35. Qe2 b6 36. cxb6 Bxb6 37. Qb5 Bc7 38. hxg5 hxg5 39. Bxb4 axb4 40. Ne3 Kg7
41. Qxd5 Bd6 42. Qe6 Qc7 43. Nd5 Qd8 44. Nxg5 fxg5 45. Qg6+ Kf8 46. Nf6 Bg3+
47. Kxg3 Ke7 48. Qg7+ Kd6 49. Qxg5 Qa5 50. Qg7 Qd8 51. Qf7 Ne7 52. Qe6+ Kc7 53.
Qxe7+ 1-0

[Event "BL 9091 HSK-Tegel"]
[Site "?"]
[Date "1991.??.??"]
[Round "?.5"]
[White "Sperlich, O."]
[Black "Michaelsen, N."]
[Result "1/2-1/2"]
[WhiteElo "2280"]
[BlackElo "2315"]
[PlyCount "76"]
[EventDate "1991.??.??"]

1. g3 Nf6 2. Bg2 d5 3. Nf3 g6 4. O-O Bg7 5. d3 O-O 6. Nbd2 c5 7. e4 Nc6 8. c3
b6 9. Re1 Bb7 10. e5 Ne8 11. Nf1 Nc7 12. h4 h6 13. N1h2 Qd7 14. Bf4 f5 15. exf6
exf6 16. Qd2 h5 17. d4 Rad8 18. Nf1 Qf7 19. Bh3 Kh7 20. Re3 Bc8 21. Bxc8 Rxc8
22. Rae1 Rfd8 23. N1h2 Qd7 24. Bxc7 Rxc7 25. Re6 Ne5 26. R6xe5 fxe5 27. Ng5+
Kg8 28. dxe5 Qf5 29. e6 Re7 30. Nhf3 Rd6 31. Qe2 d4 32. cxd4 cxd4 33. Qc4 Qd5
34. Qd3 Rdxe6 35. Nxe6 Rxe6 36. Rc1 Rc6 37. Re1 Re6 38. Rc1 Rc6 1/2-1/2

[Event "BL 9091 HSK-Tegel"]
[Site "?"]
[Date "1991.??.??"]
[Round "?.6"]
[White "Reefschlaeger, H."]
[Black "Giemsa, S."]
[Result "1-0"]
[WhiteElo "2380"]
[BlackElo "2240"]
[PlyCount "97"]
[EventDate "1991.??.??"]

1. e4 e6 2. Qe2 Be7 3. b3 Nf6 4. Bb2 d5 5. exd5 exd5 6. Bxf6 gxf6 7. Qh5 Be6 8.
Ne2 Qd6 9. d4 Nc6 10. c3 O-O-O 11. g3 Rdg8 12. h4 Kb8 13. Bg2 Qd7 14. Nd2 Bd6
15. Nf1 Ne7 16. Ne3 f5 17. Qf3 c6 18. Bh3 Ka8 19. O-O-O Rc8 20. b4 b6 21. Nf4
Ng6 22. Nd3 f4 23. gxf4 Nxf4 24. Nxf4 Bxf4 25. Qxf4 Bxh3 26. Rhg1 Rcg8 27. h5
Be6 28. Qf6 Qe8 29. Rge1 Qd8 30. Qxd8+ Rxd8 31. f4 Rhg8 32. Rg1 h6 33. f5 Bd7
34. Kd2 Kb7 35. Rdf1 Rdf8 36. f6 Rg5 37. Rxg5 hxg5 38. Rg1 g4 39. Nxg4 Rg8 40.
h6 Kc7 41. h7 Rh8 42. Ne5 Rxh7 43. Rg7 Rh2+ 44. Ke3 Be6 45. Nxf7 Rxa2 46. Ng5+
Kd6 47. Rg6 Kd7 48. f7 Bxf7 49. Nxf7 1-0